[Event "Ostrava op-B"]
[Site "Ostrava"]
[Date "2003.05.09"]
[Round "8"]
[White "Juchelka, Matej"]
[Black "Tyn, Ondrej"]
[Result "1/2-1/2"]
[WhiteElo "1488"]
[BlackElo "1352"]
[PlyCount "22"]
[EventDate "2003.05.03"]
[EventType "swiss"]
[EventRounds "10"]
[EventCountry "CZE"]
[SourceTitle "EXT 2006"]
[Source "ChessBase"]
[SourceDate "2005.11.24"]
[SourceVersion "1"]
[SourceVersionDate "2005.11.24"]
[SourceQuality "1"]

1. e4 e5 2. Nf3 Nc6 3. Bc4 Bc5 4. c3 Nf6 5. d4 exd4 6. cxd4 Bb4+ 7. Nc3 Bxc3+ 8. bxc3 Nxe4 9. 0-0 0-0 10. Qc2 Nf6 11. Bg5 h6 1/2-1/2